000 00411nam a2200157Ia 4500
008 230312s9999||||xx |||||||||||||| ||und||
020 _a81-7880-267-8
082 _a070.4
_bVER-P
100 _aVerma;Upendra
245 0 _aPrinciples and Issues in Modern Journalism
260 _bRajatRajat Publications
_aIndia
_c2007
300 _a275
546 _aEng.
650 _aMass com
_vModern Journalism
942 _cBK
999 _c6589
_d6589